Boletn̕ Informativo Digital

Detalles Bibliográficos
Formato: eBook
Lenguaje:español
Publicado: Lima: Colegio de Abogados de Lima, 2018 -
Materias:
Acceso en línea:Acceso restringido

MARC

LEADER 00000nam a22000007a 4500
005 20191018231110.0
007 cr|||| ||||
008 191018c20189999pe mr|w s|||| 0|||b1spa d
035 |a 23083 
040 |a vLex 
090 |c 9927  |d 9927 
245 0 0 |a Boletn̕ Informativo Digital  |h [Recurso electrn̤ico] / 
256 |a Servicio en ln̕ea 
260 |a Lima:  |b Colegio de Abogados de Lima,  |c 2018 - 
300 |a 1 recurso electrn̤ico 
310 |a Mensual 
362 |a Nð 1 (Ene. 2018) - 
506 1 |a Disponible solo en los productos indicados  |d vLex Global  |d vLex Global (Academic Edition, excluding Law Schools)  |d vLex Global (U.S. Academic Edition, Law Schools)  |d vLex Global (U.S. Academic Edition, excluding Law Schools)  |d vLex Global (Academic Edition, Law Schools) 
650 0 4 |a Derecho Civil  |z Per︢ 
650 0 4 |a Colegios Profesionales  |z Per︢ 
740 0 |a vLex Revistas (Servicio en ln̕ea) 
856 4 0 |u http://vlex.com/source/23083  |z Acceso restringido 
942 |c REV 
999 0 |a Civil Law 
999 0 |a Professional Colleges